Municipios de Toledo - Estadísticas

Estadísticas generales
  • Esta prueba ha sido intentada 8 veces
  • La puntuación promedio es 48 de 204
Estadísticas de respuestas
Municipio % Correcto
Bargas
100%
Illescas
100%
Talavera de la Reina
100%
Toledo
100%
Cabañas de la Sagra
86%
Cobisa
86%
Consuegra
86%
La Puebla de Montalbán
86%
Mora
86%
Olías del Rey
86%
Torrijos
86%
Yuncos
86%
Argés
71%
Burguillos de Toledo
71%
Fuensalida
71%
Los Yébenes
71%
Madridejos
71%
Oropesa
71%
Seseña
71%
Yepes
71%
Yunclillos
71%
Almonacid de Toledo
57%
Camarena
57%
Camarenilla
57%
Cebolla
57%
Esquivias
57%
Lillo
57%
Magán
57%
Mocejón
57%
Nambroca
57%
Ocaña
57%
Quintanar de la Orden
57%
Recas
57%
Sonseca
57%
Tembleque
57%
Urda
57%
Yeles
57%
Añover de Tajo
43%
Carranque
43%
Cazalegas
43%
El Toboso
43%
Escalona
43%
Gálvez
43%
Malpica de Tajo
43%
Orgaz
43%
Pepino
43%
San Pablo de los Montes
43%
Villacañas
43%
Villaluenga de la Sagra
43%
Yuncler
43%
Ajofrín
29%
Alcabón
29%
Alcolea de Tajo
29%
Borox
29%
Burujón
29%
Camuñas
29%
Chueca
29%
El Carpio de Tajo
29%
Escalonilla
29%
Guadamur
29%
Hormigos
29%
Huecas
29%
La Guardia
29%
La Puebla de Almoradiel
29%
Layos
29%
Los Navalmorales
29%
Los Navalucillos
29%
Maqueda
29%
Noblejas
29%
Palomeque
29%
Pantoja
29%
Portillo de Toledo
29%
Pulgar
29%
Quero
29%
Quismondo
29%
Santa Cruz de la Zarza
29%
Santa Cruz del Retamar
29%
Santa Olalla
29%
Segurilla
29%
Valmojado
29%
Velada
29%
Villafranca de los Caballeros
29%
Alameda de la Sagra
14%
Albarreal de Tajo
14%
Aldea en Cabo
14%
Almorox
14%
Barcience
14%
Cabañas de Yepes
14%
Calzada de Oropesa
14%
Carmena
14%
Casarrubios del Monte
14%
Cedillo del Condado
14%
Chozas de Canales
14%
Cobeja
14%
Corral de Almaguer
14%
Domingo Pérez
14%
Dosbarrios
14%
El Casar de Escalona
14%
Gerindote
14%
Hinojosa de San Vicente
14%
Illán de Vacas
14%
La Estrella
14%
La Pueblanueva
14%
Las Ventas de Retamosa
14%
La Torre de Esteban Hambrán
14%
La Villa de Don Fadrique
14%
Méntrida
14%
Miguel Esteban
14%
Navahermosa
14%
Navalcán
14%
Nombela
14%
Novés
14%
Numancia de la Sagra
14%
Ontígola
14%
Otero
14%
Pelahustán
14%
Polán
14%
San Bartolomé de las Abiertas
14%
San Martín de Montalbán
14%
Santo Domingo-Caudilla
14%
Torrico
14%
Turleque
14%
Ugena
14%
Villamiel de Toledo
14%
Villamuelas
14%
Villarrubia de Santiago
14%
Villaseca de la Sagra
14%
Villasequilla
14%
Alcañizo
0%
Alcaudete de la Jara
0%
Aldeanueva de Barbarroya
0%
Aldeanueva de San Bartolomé
0%
Almendral de la Cañada
0%
Arcicóllar
0%
Azután
0%
Belvís de la Jara
0%
Buenaventura
0%
Cabezamesada
0%
Calera y Chozas
0%
Caleruela
0%
Cardiel de los Montes
0%
Carriches
0%
Casasbuenas
0%
Castillo de Bayuela
0%
Cervera de los Montes
0%
Ciruelos
0%
Cuerva
0%
El Campillo de la Jara
0%
El Puente del Arzobispo
0%
El Real de San Vicente
0%
El Romeral
0%
El Viso de San Juan
0%
Erustes
0%
Espinoso del Rey
0%
Garciotum
0%
Herreruela de Oropesa
0%
Hontanar
0%
Huerta de Valdecarábanos
0%
Lagartera
0%
La Iglesuela del Tiétar
0%
La Mata
0%
La Nava de Ricomalillo
0%
Las Herencias
0%
Las Ventas con Peña Aguilera
0%
Las Ventas de San Julián
0%
Lominchar
0%
Los Cerralbos
0%
Lucillos
0%
Manzaneque
0%
Marjaliza
0%
Marrupe
0%
Mascaraque
0%
Mazarambroz
0%
Mejorada
0%
Menasalbas
0%
Mesegar de Tajo
0%
Mohedas de la Jara
0%
Montearagón
0%
Montesclaros
0%
Navalmoralejo
0%
Navamorcuende
0%
Noez
0%
Nuño Gómez
0%
Paredes de Escalona
0%
Parrillas
0%
Puerto de San Vicente
0%
Retamoso de la Jara
0%
Rielves
0%
Robledo del Mazo
0%
San Martín de Pusa
0%
San Román de los Montes
0%
Santa Ana de Pusa
0%
Sartajada
0%
Sevilleja de la Jara
0%
Sotillo de las Palomas
0%
Torralba de Oropesa
0%
Torrecilla de la Jara
0%
Totanés
0%
Valdeverdeja
0%
Villaminaya
0%
Villanueva de Alcardete
0%
Villanueva de Bogas
0%
Villarejo de Montalbán
0%
Villatobas
0%
No se encontraron pruebas coincidentes
Distribución de puntuación
Porcentaje de gente con cada puntuación
Porcentaje por número respondido
Historial de tus puntuaciones
No has intentado esta prueba.